000 00927nam a2200277Ia 4500
003 GCL
008 140319s9999 xx 000 0 ara d
040 _aGCL /
_cGCL
082 0 4 _a189
_bم ف
100 1 _aمحمد عاطف العراقى
245 1 0 _aالفلسفة الطبيعيةعند ابن سينا /
_cمحمد عاطف العراقى
250 _aالثانية
260 _aالقاهرة :
_bدار المعارف ،
_c1983
300 _a438 ص ؛
_c24 سم
490 _aمكتبة الدراسات الفلسفية
_v0
650 0 4 _aالفلسفة
650 0 4 _aنظريات
650 0 4 _aالفلاسفة المسلمون
650 0 4 _aالفلاسفة
650 0 4 _aالحسين بن على
650 0 4 _aفلسفة الطبيعة
650 0 4 _aالفلاسفة العرب
650 0 4 _aالحسين بن عبد الله بن الحسين
650 0 4 _aابن سينا
942 _2ddc
_cBK
999 _c27635
_d27635